Envejecimiento femenino y menopausia: un abordaje antropológico /

Збережено в:
Бібліографічні деталі
Автор: Reis, Ana Paula dos
Інші автори: Alves, Meigle Rafael
Формат: Текст
Предмети:
Теги: Додати тег
Немає тегів, Будьте першим, хто поставить тег для цього запису!

MARC

LEADER 00000 a a2200000 04500
001 4587
003
040
100 |a Reis, Ana Paula dos  
245 |a Envejecimiento femenino y menopausia:   |b un abordaje antropológico /  |c Ana Paula dos Reis ; Meigle Rafael Alves 
650 |a MUJERES  
650 |a ENVEJECIMIENTO  
650 |a DISCURSOS  
650 |a ESTEREOTIPOS  
650 |a ANALISIS DE GENERO  
700 |a Alves, Meigle Rafael  
773 |g número 4; páginas 40-44  
999 |c 37131  |d 37131